01344ngm a22001331i 450000100060000010000410000620000600004710100130010721500380012030000440015833009410020270000250114321000420116824582 a20120424u u u0frey50 ba1 aA rainhaeuma rainha da nação, uma princesa do povo1 aengceng d1 DVD (aprox. 98 minutos) : 19 cm aNº de registo 1435/2007. - M/ 12 anos a31 de Agosto de 1997. O Mundo acorda em choque com a morte de Diana, Princesa de Gales. Alguns dias mais tarde, milhões de pessoas acompanhariam, em directo, o seu funeral. Mas, imediatamente após a morte da Princesa Diana, o hermético e conservador mundo da Rainha de Inglaterra colidiria com um moderno e recém eleito Primeiro Ministro - Tony Blair. A Rainha especula sobre a batalha épica que se terá travado entre a família Real e o Governo Britânico durante esses dias...enquanto uma Nação em luto aguardava decisões por parte dos seus líderes. Com desempenhos notáveis de Helen Mirren no papel da Rainha(recém galardoada com o prémio de melhor Actriz no festival de Veneza) e de Michael Sheen no appel de Tony Blair, a Rainha conta com um argumento exímio de Peter Morgan (também reconhecido com o prémio de melhor argumento no festival de Veneza) e a realização do veterano Stephen Frears. 1aFrearsbStephen4370 cLNK AudiovisuaisaCruz Quebradad2007